[Event "Echiquier Berry Sologne-Gif sur Yvette"]
[Site "Gien"]
[Date "2007.11.25"]
[Round "3.7"]
[White "Pouillot, Eric"]
[Black "Lofi, Sarah"]
[Result "1-0"]
[WhiteElo "2044"]
[BlackElo "1867"]
[PlyCount "85"]
[EventDate "2007.11.25"]
[SourceDate "2007.10.25"]

1. e4 c5 2. Nf3 Nc6 3. d4 cxd4 4. Nxd4 g6 5. Nc3 Bg7 6. Be3 Nf6 7. f3 O-O 8.
Qd2 d5 9. Nxc6 bxc6 10. Rd1 Be6 11. exd5 Nxd5 12. Nxd5 cxd5 13. c3 Qc7 14. Bd4
f6 15. Be2 Bf7 16. O-O a5 17. Rc1 Rfd8 18. f4 Qd6 19. Qe3 Qe6 20. Qf2 f5 21.
Bf3 Bxd4 22. Qxd4 Qf6 23. Qxf6 exf6 24. Rfd1 Rab8 25. b3 g5 26. Rd4 g4 27. Be2
Re8 28. Kf2 Re4 29. Rxe4 dxe4 30. Ke3 Kf8 31. c4 Ke7 32. Kd4 Kd6 33. Kc3 Kc5
34. a3 h5 35. Rb1 a4 36. b4+ Kc6 37. Rd1 Be6 38. c5 Kc7 39. b5 Bd7 40. Kb4 Bxb5
41. Bxb5 e3 42. Rd7+ Kc8 43. Re7 1-0

[Event "Echiquier Berry Sologne-Gif sur Yvette"]
[Site "Gien"]
[Date "2007.11.25"]
[Round "3.8"]
[White "Costa, Pierre Jean"]
[Black "Fota, Daniel"]
[Result "1/2-1/2"]
[WhiteElo "1844"]
[BlackElo "1922"]
[PlyCount "104"]
[EventDate "2007.11.25"]
[SourceDate "2007.10.25"]

1. e4 d6 2. d4 Nf6 3. Nc3 c6 4. f4 Qa5 5. Bd2 Qb6 6. Bc1 e5 7. dxe5 dxe5 8. f5
Bc5 9. Nh3 Bb4 10. Qf3 Qd4 11. Nf2 Nbd7 12. Bd2 b5 13. a3 Ba5 14. Rd1 Bb6 15.
Be2 Qxf2+ 16. Qxf2 Bxf2+ 17. Kxf2 Bb7 18. Be3 O-O 19. g4 Rfd8 20. g5 Ne8 21.
Rd2 Nb6 22. Rhd1 Rxd2 23. Rxd2 f6 24. h4 Rb8 25. Kf3 Rc8 26. Bc5 Rc7 27. Rd8
Rc8 28. Rd1 Rc7 29. Ke3 Rd7 30. Rxd7 Nxd7 31. Bxa7 Nd6 32. b4 Kf8 33. Bd3 Ke7
34. Na2 fxg5 35. hxg5 Nf7 36. g6 hxg6 37. fxg6 Nh8 38. c4 bxc4 39. Bxc4 Nxg6
40. a4 Kd6 41. Nc3 Ne7 42. Kf3 Kc7 43. Be3 Nc8 44. a5 Nd6 45. Bd3 Ba8 46. Kg4
Nf6+ 47. Kg5 c5 48. Bxc5 Ndxe4+ 49. Nxe4 Nxe4+ 50. Kf5 Nxc5 51. bxc5 Kc6 52.
Be4+ Kxc5 1/2-1/2

[Event "Gif sur Yvette-Bagneux"]
[Site "Bagneux"]
[Date "2007.12.15"]
[Round "11.1"]
[White "Kulaots, Kaido"]
[Black "Sinkovics, Peter"]
[Result "1-0"]
[WhiteElo "2547"]
[BlackElo "2356"]
[PlyCount "81"]
[EventDate "2007.12.15"]
[SourceDate "2007.10.25"]

1. e4 e5 2. Nf3 Nc6 3. Bb5 a6 4. Ba4 Nf6 5. O-O Be7 6. Re1 b5 7. Bb3 d6 8. c3
O-O 9. h3 Na5 10. Bc2 c5 11. d4 Qc7 12. Nbd2 cxd4 13. cxd4 Bb7 14. d5 Rac8 15.
Bd3 Nd7 16. Nf1 f5 17. Ng3 fxe4 18. Bxe4 Nf6 19. Bf5 Bxd5 20. Bxc8 Rxc8 21. Bg5
Qb7 22. Nf5 Bf8 23. Bxf6 gxf6 24. Nh2 Kh8 25. Ng4 Qf7 26. Nge3 Bb7 27. Nxd6
Bxd6 28. Qxd6 Rg8 29. b3 Nc6 30. Rad1 Nd4 31. Rxd4 exd4 32. Qxd4 Re8 33. Rc1
Be4 34. Ng4 Kg7 35. Re1 Bc6 36. Rxe8 Bxe8 37. Qe3 Kf8 38. Qb6 f5 39. Qc5+ Kg7
40. Qd4+ Kf8 41. Nh6 1-0

[Event "Gif sur Yvette-Bagneux"]
[Site "Bagneux"]
[Date "2007.12.15"]
[Round "11.2"]
[White "Le Quang, Kim"]
[Black "Seret, Jean Luc"]
[Result "1-0"]
[WhiteElo "2278"]
[BlackElo "2381"]
[PlyCount "77"]
[EventDate "2007.12.15"]
[SourceDate "2007.10.25"]

1. e4 d6 2. d4 Nf6 3. Nc3 Nbd7 4. g3 e5 5. Nge2 Be7 6. Bg2 O-O 7. O-O c6 8. a4
b6 9. h3 a6 10. Be3 Bb7 11. g4 b5 12. Ng3 g6 13. Bh6 Nb6 14. Bxf8 Qxf8 15. a5
Nbd7 16. dxe5 Nxe5 17. b3 Ne8 18. f4 Nd7 19. e5 d5 20. Nce2 Nc7 21. Kh1 Qg7 22.
c3 f6 23. exf6 Nxf6 24. g5 Nfe8 25. h4 h6 26. f5 hxg5 27. fxg6 Qxg6 28. h5 Qh7
29. Nd4 Bd6 30. Ndf5 Bf4 31. Rxf4 gxf4 32. Qg4+ Ng7 33. Ne7+ Kh8 34. Ng6+ Kg8
35. Nxf4 Re8 36. Rf1 Bc8 37. Qg5 Nce6 38. Nxe6 Rxe6 39. Bh3 1-0

[Event "Gif sur Yvette-Bagneux"]
[Site "Bagneux"]
[Date "2007.12.15"]
[Round "11.3"]
[White "Seret, Jean Renaud"]
[Black "Dussart, Frederic"]
[Result "0-1"]
[WhiteElo "2190"]
[BlackElo "2262"]
[PlyCount "96"]
[EventDate "2007.12.15"]
[SourceDate "2007.10.25"]

1. e4 c5 2. Nf3 Nc6 3. d4 cxd4 4. Nxd4 Nf6 5. Nc3 e5 6. Ndb5 d6 7. Bg5 a6 8.
Na3 b5 9. Nd5 Be7 10. Bxf6 Bxf6 11. c3 Bg5 12. Nc2 O-O 13. a4 bxa4 14. Rxa4 a5
15. b4 Bb7 16. b5 Ne7 17. Bc4 Rc8 18. Qd3 Nxd5 19. Bxd5 Bxd5 20. exd5 Qc7 21.
c4 Bd8 22. O-O Ra8 23. Na1 Qb8 24. Nb3 Bb6 25. Rfa1 Qc7 26. Qd2 Ra7 27. Rc1 Rc8
28. Qc3 g6 29. g3 h5 30. Re1 Qd7 31. Qd3 Kg7 32. Kg2 h4 33. Re4 Qf5 34. f3 hxg3
35. Kxg3 Rh8 36. Qf1 Qg5+ 37. Rg4 Qh5 38. h3 f5 39. c5 dxc5 40. Rgc4 e4 41. f4
Qh4+ 42. Kg2 Bc7 43. Nxc5 Bxf4 44. Kg1 Qg3+ 45. Qg2 Qe1+ 46. Qf1 Be3+ 47. Kg2
Qd2+ 48. Kh1 Rxh3+ 0-1

[Event "Gif sur Yvette-Bagneux"]
[Site "Bagneux"]
[Date "2007.12.15"]
[Round "11.4"]
[White "Goerlinger, Stephane"]
[Black "Dubois, Jean Marie"]
[Result "1/2-1/2"]
[WhiteElo "2222"]
[BlackElo "2272"]
[PlyCount "97"]
[EventDate "2007.12.15"]
[SourceDate "2007.10.25"]

1. e4 Nf6 2. e5 Nd5 3. d4 d6 4. Nf3 g6 5. c4 Nb6 6. Nc3 Bg7 7. exd6 cxd6 8. Be3
O-O 9. Be2 Nc6 10. Qd2 Bg4 11. b3 d5 12. c5 Nc8 13. h3 Bxf3 14. Bxf3 e6 15. Rd1
N8e7 16. Ne2 Nf5 17. O-O Nh4 18. Bg4 h5 19. Bg5 Bf6 20. Bxh4 Bxh4 21. Bf3 Bf6
22. g3 b6 23. Bg2 Qe7 24. Rc1 Rfc8 25. Rc3 bxc5 26. Rxc5 Qb7 27. Rfc1 Be7 28.
R5c2 Ba3 29. Rd1 Nb4 30. Rxc8+ Rxc8 31. Nc3 Rc6 32. Bf1 a6 33. Qe1 Nc2 34. Qd2
Bb4 35. Qxc2 Rxc3 36. Qb2 Qc6 37. Bd3 a5 38. a3 Bf8 39. Bc4 Rf3 40. Be2 Qc3 41.
Qb1 Rxg3+ 42. fxg3 Qxg3+ 43. Kf1 Qxh3+ 44. Ke1 Bxa3 45. Qd3 Bb4+ 46. Kf2 Qh2+
47. Kf1 Qh1+ 48. Kf2 Qh2+ 49. Kf1 1/2-1/2

[Event "Gif sur Yvette-Bagneux"]
[Site "Bagneux"]
[Date "2007.12.15"]
[Round "11.5"]
[White "Leitner, Walter"]
[Black "Gollain, Marc"]
[Result "1/2-1/2"]
[WhiteElo "2120"]
[BlackElo "2194"]
[PlyCount "92"]
[EventDate "2007.12.15"]
[SourceDate "2007.10.25"]

1. e4 e5 2. Nf3 Nc6 3. Bb5 a6 4. Bxc6 dxc6 5. O-O Bd6 6. d4 exd4 7. Qxd4 f6 8.
e5 fxe5 9. Nxe5 Qf6 10. Re1 Ne7 11. Nf3 Qxd4 12. Nxd4 O-O 13. Nc3 Nf5 14. Nf3
Bb4 15. Bd2 Nd6 16. Ne4 Bxd2 17. Nexd2 Bg4 18. Re7 Rae8 19. Rae1 Rxe7 20. Rxe7
Rf7 21. Re1 Rf8 22. h3 Bf5 23. c3 c5 24. Re7 Rf7 25. Re5 b6 26. g4 Bg6 27. Ng5
Rd7 28. f4 Bf7 29. Nxf7 Rxf7 30. f5 Rd7 31. Nf3 Nc4 32. Re8+ Kf7 33. Re2 Rd1+
34. Kf2 h6 35. b3 Nd6 36. Ne5+ Kf6 37. h4 h5 38. Nd7+ Kf7 39. Ne5+ Kf6 40. Nd7+
Kf7 41. Ne5+ Kg8 42. gxh5 Nxf5 43. Ng6 Kf7 44. Ne5+ Kf6 45. Nf3 Rd7 46. Re1 Re7
1/2-1/2

[Event "Gif sur Yvette-Bagneux"]
[Site "Bagneux"]
[Date "2007.12.15"]
[Round "11.6"]
[White "Bartha, Sandor"]
[Black "Boonekamp, Maarten"]
[Result "1-0"]
[WhiteElo "2140"]
[BlackElo "2032"]
[PlyCount "59"]
[EventDate "2007.12.15"]
[SourceDate "2007.10.25"]

1. d4 Nf6 2. Nf3 c5 3. e3 d5 4. Be2 Nc6 5. O-O Bf5 6. c3 Qc7 7. Nbd2 e5 8. dxe5
Ng4 9. h3 h5 10. Bb5 O-O-O 11. Qa4 Be7 12. Bxc6 bxc6 13. Qf4 Be6 14. hxg4 hxg4
15. Ng5 Qd7 16. f3 Bxg5 17. Qxg5 f6 18. Qf4 g5 19. Qg3 f5 20. f4 Rh4 21. Nb3
Qe7 22. Bd2 d4 23. cxd4 Rdh8 24. Nxc5 Bc4 25. Rfc1 Bd5 26. Kf2 Rh3 27. gxh3
Rxh3 28. e4 Qh7 29. Rh1 fxe4 30. Qxg4+ 1-0

[Event "Gif sur Yvette-Bagneux"]
[Site "Bagneux"]
[Date "2007.12.15"]
[Round "11.7"]
[White "Beaufils, Philippe"]
[Black "Massimi, Pierre"]
[Result "0-1"]
[WhiteElo "1910"]
[BlackElo "1924"]
[PlyCount "52"]
[EventDate "2007.12.15"]
[SourceDate "2007.10.25"]

1. e4 e5 2. f4 d5 3. exd5 e4 4. Nc3 Nf6 5. d3 exd3 6. Qxd3 Bd6 7. Be2 O-O 8.
Bd2 Nbd7 9. O-O-O Nc5 10. Qd4 Re8 11. g4 Nce4 12. b4 Nxc3 13. Bxc3 Re4 14. Nh3
Rxd4 15. Rxd4 Qe7 16. Re1 Qe3+ 17. Kb2 Qxh3 18. g5 Nd7 19. f5 Be5 20. Bg4 Qxh2
21. Rde4 f6 22. gxf6 gxf6 23. Bf3 Bxc3+ 24. Kxc3 Ne5 25. d6 Bxf5 26. R4e2 Qh3
0-1

[Event "Gif sur Yvette-Bagneux"]
[Site "Bagneux"]
[Date "2007.12.15"]
[Round "11.8"]
[White "Fouliard, Lisa"]
[Black "Imperor, Lorene"]
[Result "0-1"]
[WhiteElo "1009"]
[BlackElo "1540"]
[PlyCount "42"]
[EventDate "2007.12.15"]
[SourceDate "2007.10.25"]

1. e4 c5 2. Bc4 d6 3. d4 cxd4 4. Nf3 e5 5. Nxe5 dxe5 6. O-O Nf6 7. Re1 Be7 8.
Nc3 dxc3 9. Rf1 Qxd1 10. Rxd1 Nxe4 11. Rf1 Nc6 12. Bd3 Bf5 13. Re1 cxb2 14.
Bxe4 Bxe4 15. Rxe4 bxc1=Q+ 16. Rxc1 O-O 17. Ree1 Rfd8 18. Rb1 b6 19. Rxb6 axb6
20. Rb1 Rxa2 21. Rxb6 Rd1# 0-1

[Event "Orleans-Bois Colombes II"]
[Site "Orleans"]
[Date "2007.12.16"]
[Round "4.1"]
[White "Perrin, Guillaume"]
[Black "Debeaune, Robin"]
[Result "0-1"]
[WhiteElo "2268"]
[BlackElo "2208"]
[PlyCount "66"]
[EventDate "2007.12.16"]
[SourceDate "2007.10.25"]

1. e4 c5 2. Nf3 d6 3. d4 cxd4 4. Nxd4 Nf6 5. Nc3 g6 6. Be3 Bg7 7. f3 O-O 8. Qd2
Nc6 9. Bc4 Bd7 10. O-O-O Rc8 11. Bb3 Ne5 12. Bg5 Nc4 13. Bxc4 Rxc4 14. e5 Ne8
15. Nd5 f6 16. exf6 Nxf6 17. Qe2 Rc5 18. Ne6 Bxe6 19. Qxe6+ Kh8 20. h4 Nxd5 21.
Rxd5 Qb6 22. b3 Rfc8 23. Rxc5 Qxc5 24. Qe4 Qa3+ 25. Kd2 Qxa2 26. Be3 Bc3+ 27.
Ke2 Be5 28. Rc1 Qb2 29. f4 Bf6 30. Kf3 b6 31. h5 gxh5 32. Qf5 Rc3 33. Qxh5 Qxc1
0-1

[Event "Orleans-Bois Colombes II"]
[Site "Orleans"]
[Date "2007.12.16"]
[Round "4.2"]
[White "Touboulic, Julien"]
[Black "Spitz, Christophe"]
[Result "0-1"]
[WhiteElo "2217"]
[BlackElo "2161"]
[PlyCount "76"]
[EventDate "2007.12.16"]
[SourceDate "2007.10.25"]

1. e4 c5 2. Nf3 Nc6 3. Nc3 g6 4. d4 cxd4 5. Nxd4 Bg7 6. Be3 Nf6 7. Bc4 O-O 8.
Bb3 a5 9. O-O a4 10. Nxa4 Nxe4 11. Nb5 Ra6 12. c4 d6 13. Re1 Nf6 14. Qd2 Be6
15. Nac3 Na5 16. Nd5 Bxd5 17. cxd5 Nxb3 18. axb3 Qd7 19. Rxa6 bxa6 20. Na7 Qb7
21. Rd1 Ra8 22. Qd4 Nd7 23. Qe4 Nf6 24. Qd4 Nd7 25. Qe4 Rxa7 26. Bxa7 Qxa7 27.
Qxe7 Bf8 28. Qe8 Qb7 29. Rc1 Nc5 30. g3 Qxd5 31. b4 Ne6 32. Qc6 Qd2 33. Qc3 Qe2
34. h4 h5 35. Qc4 Qxb2 36. Rc2 Qa1+ 37. Kg2 Qa4 38. Ra2 Qb5 0-1

[Event "Orleans-Bois Colombes II"]
[Site "Orleans"]
[Date "2007.12.16"]
[Round "4.4"]
[White "Toma, Michal"]
[Black "Vaillant, Stephane"]
[Result "1-0"]
[WhiteElo "2216"]
[BlackElo "2027"]
[PlyCount "89"]
[EventDate "2007.12.16"]
[SourceDate "2007.10.25"]

1. e4 e6 2. d4 d5 3. Nd2 Nf6 4. e5 Nfd7 5. Bd3 c5 6. c3 Nc6 7. Ne2 cxd4 8. cxd4
Qb6 9. Nf3 f6 10. exf6 Nxf6 11. b3 Bd6 12. Bf4 Bxf4 13. Nxf4 O-O 14. O-O Bd7
15. Rc1 Rae8 16. Re1 Ne4 17. g3 Nf6 18. Bb1 Bc8 19. Rc3 Re7 20. Rce3 Rfe8 21.
h3 a5 22. g4 Qc7 23. Nd3 Nd7 24. Nde5 Ndxe5 25. Nxe5 Nxe5 26. Rxe5 g6 27. Qd2
b6 28. Qe3 Qd6 29. f4 Rf8 30. Kh1 Ref7 31. Rf1 Kh8 32. Kh2 Kg8 33. h4 Kh8 34.
Kg3 Kg8 35. h5 gxh5 36. Rxh5 Rg7 37. Qe5 Qe7 38. Rfh1 Rff7 39. f5 Qb4 40. Rc1
Rf8 41. Rxc8 Rxc8 42. Qxe6+ Kf8 43. Qxc8+ Ke7 44. Qc7+ Kf8 45. Qd8+ 1-0

[Event "Orleans-Bois Colombes II"]
[Site "Orleans"]
[Date "2007.12.16"]
[Round "4.5"]
[White "Bernardin, Thierry"]
[Black "L'Henoret, Thierry"]
[Result "1/2-1/2"]
[WhiteElo "1990"]
[BlackElo "2110"]
[PlyCount "85"]
[EventDate "2007.12.16"]
[SourceDate "2007.10.25"]

1. Nf3 Nf6 2. g3 d5 3. Bg2 c6 4. O-O e6 5. b3 Bd6 6. Bb2 Nbd7 7. d3 O-O 8. Nbd2
Re8 9. e4 e5 10. a4 a5 11. Nh4 Nf8 12. Nf5 Bc5 13. Qe2 Qb6 14. h3 Ng6 15. Rae1
Qc7 16. Kh1 Ne7 17. Nxe7+ Qxe7 18. exd5 cxd5 19. Qxe5 Qf8 20. Qg5 Ra6 21. Rxe8
Qxe8 22. Nf3 h6 23. Qe5 Re6 24. Qc7 Bb6 25. Qc3 Re2 26. Kg1 Be6 27. Bc1 Qd7 28.
Ne5 Qc7 29. Qxc7 Bxc7 30. Nf3 Rxc2 31. Nd4 Ra2 32. Be3 Bd7 33. Rc1 Bb6 34. g4
Rb2 35. Rc3 Rb1+ 36. Bf1 Kh7 37. Kg2 Rb2 38. Kg1 Rb1 39. Kg2 Rb2 40. Kg1 Kg6
41. Bg2 Rb1+ 42. Kh2 Ba7 43. Bf3 1/2-1/2

[Event "Evry Grand Roque II-Lisieux"]
[Site "Evry"]
[Date "2007.12.16"]
[Round "4.1"]
[White "Justo, Damian"]
[Black "Marie, Maxime"]
[Result "0-1"]
[WhiteElo "2329"]
[BlackElo "2240"]
[PlyCount "61"]
[EventDate "2007.12.16"]
[SourceDate "2007.10.25"]

1. d4 Nf6 2. Nf3 e6 3. e3 b6 4. Bd3 Bb7 5. O-O Be7 6. c4 O-O 7. Nc3 d5 8. Qe2
Nc6 9. cxd5 exd5 10. a3 Bd6 11. b4 Re8 12. Bb2 Qd7 13. Qc2 Qg4 14. Ne2 Ne4 15.
b5 Ne7 16. Ne5 Qh4 17. f3 Ng5 18. Nf4 Bc8 19. Rae1 g6 20. Kh1 Ne6 21. g3 Qh6
22. Nxe6 Bxe6 23. e4 f6 24. exd5 Nxd5 25. Ng4 Bxg4 26. fxg4 Ne3 27. Qb3+ Kg7
28. Bc1 Bxg3 29. Re2 Qh3 30. Rf3 Nxg4 31. Rxg3 {suite illisible} 0-1

[Event "Evry Grand Roque II-Lisieux"]
[Site "Evry"]
[Date "2007.12.16"]
[Round "4.2"]
[White "Coursaget, Nicolas"]
[Black "Brochet, Philippe"]
[Result "1-0"]
[WhiteElo "2300"]
[BlackElo "2392"]
[PlyCount "73"]
[EventDate "2007.12.16"]
[SourceDate "2007.10.25"]

1. d4 d5 2. Nf3 Nf6 3. c4 dxc4 4. Nc3 c6 5. a4 c5 6. d5 e6 7. e4 Nxe4 8. Nxe4
exd5 9. Ng3 g6 10. Qe2+ Be7 11. Qe5 O-O 12. Be2 Nc6 13. Qf4 Re8 14. O-O Bd6 15.
Qh6 Bf8 16. Qf4 Bg7 17. Rd1 Nd4 18. Nxd4 cxd4 19. Rxd4 Be5 20. Qd2 Be6 21. Qc3
Bxd4 22. Qxd4 Qb6 23. Qf6 Bf5 24. Qh4 Rxe2 25. Nxe2 Re8 26. Be3 Qxb2 27. Re1
Qb4 28. Rc1 Qe7 29. Qd4 Qe5 30. Qxa7 Qb2 31. Re1 c3 32. Qd4 Re6 33. Nxc3 f6 34.
h3 Kg7 35. g4 Bc2 36. Bh6+ Kxh6 37. Qd2+ 1-0

[Event "Evry Grand Roque II-Lisieux"]
[Site "Evry"]
[Date "2007.12.16"]
[Round "4.3"]
[White "Moussard, Jules"]
[Black "Decosse, Jean Fabien"]
[Result "1-0"]
[WhiteElo "2261"]
[BlackElo "2245"]
[PlyCount "67"]
[EventDate "2007.12.16"]
[SourceDate "2007.10.25"]

1. e4 c6 2. d4 g6 3. Nc3 d6 4. Bc4 Bg7 5. Qf3 e6 6. Nge2 Nd7 7. Bb3 Qe7 8. Be3
e5 9. O-O-O Ngf6 10. h3 b6 11. g4 h5 12. g5 Nh7 13. Qg3 Bb7 14. f4 O-O-O 15.
fxe5 dxe5 16. Rhf1 f6 17. d5 c5 18. d6 Qe8 19. Nb5 Ndf8 20. d7+ Rxd7 21. Nd6+
Rxd6 22. Rxd6 Qe7 23. Rfd1 f5 24. exf5 gxf5 25. Qf2 f4 26. Bxc5 Qc7 27. Ba3
Nxg5 28. Qh4 Nfh7 29. Nc3 Bf8 30. Nb5 Bxd6 31. Bxd6 Qd7 32. Nxa7+ Kd8 33. Bxe5
Qxd1+ 34. Kxd1 1-0

[Event "Evry Grand Roque II-Lisieux"]
[Site "Evry"]
[Date "2007.12.16"]
[Round "4.4"]
[White "Bourdonnais, Loic"]
[Black "Maisuradze, Nino"]
[Result "0-1"]
[WhiteElo "2180"]
[BlackElo "2267"]
[PlyCount "30"]
[EventDate "2007.12.16"]
[SourceDate "2007.10.25"]

1. c4 e6 2. Nf3 Nf6 3. e3 d5 4. b3 Be7 5. Bb2 O-O 6. g4 a5 7. a3 b6 8. Rg1 Bb7
9. g5 Ne8 10. Rg3 dxc4 11. bxc4 Nd7 12. d3 Rb8 13. Nbd2 b5 14. Qc1 Bxf3 15.
Nxf3 bxc4 {suite illisible} 0-1

[Event "Evry Grand Roque II-Lisieux"]
[Site "Evry"]
[Date "2007.12.16"]
[Round "4.5"]
[White "Betton, Olivier"]
[Black "Barbini, Denis"]
[Result "1-0"]
[WhiteElo "2188"]
[BlackElo "2133"]
[PlyCount "57"]
[EventDate "2007.12.16"]
[SourceDate "2007.10.25"]

1. c4 g6 2. g3 Bg7 3. Bg2 d6 4. Nc3 Nf6 5. e4 O-O 6. Nge2 Nc6 7. O-O e5 8. f4
Nd4 9. h3 c6 10. Nxd4 exd4 11. Ne2 d3 12. Nc3 Qb6+ 13. Kh2 Re8 14. Rb1 Qd4 15.
b3 h5 16. Bb2 Qb6 17. Qf3 d5 18. cxd5 cxd5 19. e5 Ne4 20. Qxd3 Nxc3 21. Qxc3
Bf5 22. Rbc1 Rac8 23. Qd4 Qa5 24. a4 Rxc1 25. Rxc1 Be6 26. Rc5 Qa6 27. Rb5 Rc8
28. Bc3 Bf8 29. Bxd5 1-0

[Event "Evry Grand Roque II-Lisieux"]
[Site "Evry"]
[Date "2007.12.16"]
[Round "4.6"]
[White "Le Borgne, Pierre"]
[Black "Guillon, Cyril"]
[Result "1/2-1/2"]
[WhiteElo "2222"]
[BlackElo "2220"]
[PlyCount "103"]
[EventDate "2007.12.16"]
[SourceDate "2007.10.25"]

1. e4 c5 2. Nf3 Nc6 3. Bb5 g6 4. Bxc6 bxc6 5. O-O Bg7 6. c3 Nf6 7. Re1 O-O 8.
d4 cxd4 9. cxd4 d5 10. e5 Ne8 11. Be3 Rb8 12. Qc1 Bg4 13. Nbd2 Qb6 14. b3 Nc7
15. Qa3 Rbe8 16. Rac1 Na6 17. Qa4 Rc8 18. Rc3 Bd7 19. Rec1 Nb4 20. Ne1 h6 21.
Rc5 Rfd8 22. Ndf3 Rb8 23. Bd2 Na6 24. Ra5 Nc7 25. Rxa7 Ra8 26. Rxa8 Rxa8 27.
Qb4 Qxb4 28. Bxb4 Rxa2 29. Bxe7 Ne6 30. Nd3 g5 31. h3 Be8 32. Nb4 Rb2 33. Rc2
Rb1+ 34. Kh2 Nxd4 35. Nxd4 Bxe5+ 36. f4 Bxd4 37. fxg5 hxg5 38. Nxc6 Bxc6 39.
Rxc6 Be5+ 40. g3 Rxb3 41. Bd6 Rb2+ 42. Kh1 Bd4 43. Be7 Rb3 44. Rd6 Rxg3 45.
Rxd5 Be3 46. h4 g4 47. Rf5 Ba7 48. Bd6 Rh3+ 49. Kg2 Rxh4 50. Rg5+ Kh7 51. Bg3
Rh6 52. Rxg4 1/2-1/2

[Event "Evry Grand Roque II-Lisieux"]
[Site "Evry"]
[Date "2007.12.16"]
[Round "4.7"]
[White "Guyard, Rodolphe"]
[Black "Blanche, Paul"]
[Result "0-1"]
[WhiteElo "2124"]
[BlackElo "2132"]
[PlyCount "88"]
[EventDate "2007.12.16"]
[SourceDate "2007.10.25"]

1. f4 Nf6 2. b3 d5 3. Bb2 Nbd7 4. Nf3 e6 5. e3 Bd6 6. Be2 O-O 7. O-O c5 8. Qe1
Qc7 9. Qg3 a6 10. c4 d4 11. exd4 Nh5 12. Qh4 Nxf4 13. Bd1 Ng6 14. Qe1 cxd4 15.
Bxd4 e5 16. Bf2 Nc5 17. Bc2 Bg4 18. Nc3 Nf4 19. Qe3 Rae8 20. b4 Nd7 21. c5 Be7
22. Rae1 f5 23. Bb3+ Kh8 24. Nxe5 Qxe5 25. Qxe5 Nxe5 26. Rxe5 Nd3 27. Re3 Nxf2
28. Kxf2 f4 29. Re4 Bf6 30. Bd5 Rd8 31. d4 Bf5 32. Rxf4 Bd3 33. Ke3 Bxf1 34.
Rxf1 Bxd4+ 35. Kxd4 Rxf1 36. a4 Rc1 37. b5 Rxc3 38. Kxc3 Rxd5 39. Kc4 Rd2 40.
bxa6 bxa6 41. c6 Rxg2 42. Kc5 Rxh2 43. Kb6 Rc2 44. a5 h5 0-1

[Event "Evry Grand Roque II-Lisieux"]
[Site "Evry"]
[Date "2007.12.16"]
[Round "4.8"]
[White "Blanche, Sandrine"]
[Black "Neuhauser, Salome"]
[Result "1-0"]
[WhiteElo "1860"]
[BlackElo "1892"]
[PlyCount "53"]
[EventDate "2007.12.16"]
[SourceDate "2007.10.25"]

1. d4 Nf6 2. c4 e6 3. Nc3 Bb4 4. Qc2 Nc6 5. Nf3 d6 6. Bg5 h6 7. Bh4 g5 8. Bg3
g4 9. Nd2 Nxd4 10. Qc1 Nf5 11. e3 Bd7 12. a3 Ba5 13. b4 Bb6 14. Qb2 Rg8 15. Bd3
Nxg3 16. hxg3 h5 17. Nce4 Nxe4 18. Nxe4 f5 19. Nf6+ Kf7 20. Nxg8 Qxg8 21. Rxh5
Qg6 22. Rh4 c5 23. Rh2 Rc8 24. Ke2 d5 25. Rah1 Ke7 26. Qe5 Rf8 27. cxd5 1-0

[Event "Cergy Pontoise-Echiquier Berry Sologne"]
[Site "Pontoise"]
[Date "2007.12.16"]
[Round "4.1"]
[White "Bernard, Christophe"]
[Black "Lalic, Bogdan"]
[Result "1/2-1/2"]
[WhiteElo "2367"]
[BlackElo "2500"]
[PlyCount "34"]
[EventDate "2007.12.16"]
[SourceDate "2007.10.25"]

1. d4 d5 2. c4 e6 3. Nf3 Nf6 4. Nc3 c6 5. Bg5 h6 6. Bxf6 Qxf6 7. e3 Nd7 8. Bd3
dxc4 9. Bxc4 g6 10. O-O Bg7 11. Qc2 O-O 12. Rad1 b6 13. h4 Bb7 14. h5 Qf5 15.
Qxf5 gxf5 16. e4 b5 17. Bd3 b4 1/2-1/2

[Event "Cergy Pontoise-Echiquier Berry Sologne"]
[Site "Pontoise"]
[Date "2007.12.16"]
[Round "4.2"]
[White "Cosma, Ioan"]
[Black "Cathelineau, Didier"]
[Result "1-0"]
[WhiteElo "2467"]
[BlackElo "2186"]
[PlyCount "103"]
[EventDate "2007.12.16"]
[SourceDate "2007.10.25"]

1. d4 d5 2. c4 e6 3. Nf3 Nf6 4. g3 c5 5. cxd5 exd5 6. Bg2 Nc6 7. O-O cxd4 8.
Nxd4 Be7 9. Nc3 O-O 10. Be3 Re8 11. Rc1 h6 12. Nxc6 bxc6 13. Na4 Bd7 14. Bc5
Bxc5 15. Nxc5 Bg4 16. Re1 Qa5 17. h3 Bf5 18. Qd4 Rab8 19. a3 Qb5 20. b3 Nd7 21.
b4 Nxc5 22. Rxc5 Qb6 23. e3 a5 24. bxa5 Qa7 25. Rxd5 Qxd4 26. Rxd4 Re5 27. g4
Bg6 28. Rb4 Ra8 29. a6 Ra5 30. Bxc6 R8xa6 31. Rb8+ Kh7 32. Bb5 Rd6 33. a4 Rd2
34. e4 Rd4 35. f3 Rdxa4 36. Bxa4 Rxa4 37. Kf2 Ra7 38. Reb1 f6 39. R1b7 Rxb7 40.
Rxb7 h5 41. Ke3 hxg4 42. hxg4 Be8 43. f4 Ba4 44. f5 Kg8 45. Kf4 Bc2 46. e5
fxe5+ 47. Kxe5 Bd3 48. Ra7 Bc4 49. g5 Bb3 50. g6 Kh8 51. Kd6 Bc4 52. Ke7 1-0

[Event "Cergy Pontoise-Echiquier Berry Sologne"]
[Site "Pontoise"]
[Date "2007.12.16"]
[Round "4.3"]
[White "Marcantoni, Herve"]
[Black "Laurent, Julien"]
[Result "1/2-1/2"]
[WhiteElo "2206"]
[BlackElo "2315"]
[PlyCount "87"]
[EventDate "2007.12.16"]
[SourceDate "2007.10.25"]

1. e4 g6 2. d4 Bg7 3. Nc3 d6 4. Be3 a6 5. a4 Nf6 6. Nf3 O-O 7. h3 d5 8. e5 Ne4
9. Bd3 Nxc3 10. bxc3 c5 11. h4 Qa5 12. Qd2 Nc6 13. h5 cxd4 14. cxd4 Qxd2+ 15.
Nxd2 Rd8 16. a5 Rb8 17. hxg6 hxg6 18. Ke2 b6 19. axb6 Rxb6 20. Rhb1 Rxb1 21.
Rxb1 Bf5 22. Rb6 Bxd3+ 23. Kxd3 Rc8 24. c3 Nb8 25. Nb3 e6 26. Nc5 a5 27. Nb3 a4
28. Nc5 a3 29. Rb3 Bf8 30. Rxa3 Nd7 31. Ra7 Nxc5+ 32. dxc5 Bxc5 33. Bxc5 Rxc5
34. Ra4 Kg7 35. Kd4 Rc7 36. c4 dxc4 37. Rxc4 Rxc4+ 38. Kxc4 Kh6 39. Kc5 Kg5 40.
Kd6 Kf5 41. Ke7 Kxe5 42. Kxf7 Kf5 43. g4+ Kxg4 44. Kxe6 1/2-1/2

[Event "Cergy Pontoise-Echiquier Berry Sologne"]
[Site "Pontoise"]
[Date "2007.12.16"]
[Round "4.4"]
[White "Webb, Laurence"]
[Black "Hameau, Cyril"]
[Result "1-0"]
[WhiteElo "2289"]
[BlackElo "2073"]
[PlyCount "113"]
[EventDate "2007.12.16"]
[SourceDate "2007.10.25"]

1. e4 d5 2. exd5 Qxd5 3. Nf3 Nf6 4. d4 Bg4 5. Be2 Nc6 6. h3 Bh5 7. c4 Qd6 8.
Be3 e6 9. O-O Be7 10. Nbd2 O-O 11. a3 a5 12. Rb1 Bg6 13. Re1 Ne4 14. c5 Qd8 15.
Nc4 f6 16. Nh4 Bf7 17. Qd3 Qd5 18. Rbd1 g5 19. Nf3 a4 20. Bf1 Bg6 21. Qe2 h5
22. g3 Qf5 23. Bg2 Bf7 24. Rc1 Kg7 25. Rcd1 Qh7 26. Bc1 f5 27. Nfe5 Nxe5 28.
Nxe5 Be8 29. Qc4 Ra6 30. c6 Bxc6 31. Qxe6 Bf6 32. Qc4 b5 33. Qc2 Bxe5 34. dxe5
Qg6 35. Bxe4 fxe4 36. Qc3 Qf5 37. Be3 Qxh3 38. e6+ Kg6 39. Qe5 Rf5 40. Qxc7 Bd5
41. Rxd5 Rxe6 42. Red1 h4 43. Rxf5 Qxf5 44. Rd8 Kh5 45. gxh4 Re5 46. Rh8+ Kg4
47. Qc8 Qxc8 48. Rxc8 gxh4 49. Rc5 Re6 50. Rxb5 Kh3 51. Rb4 Rg6+ 52. Kf1 Kh2
53. Rxa4 h3 54. Rxe4 Rg1+ 55. Ke2 Rb1 56. Kf3 Rxb2 57. Bf4+ 1-0

[Event "Cergy Pontoise-Echiquier Berry Sologne"]
[Site "Pontoise"]
[Date "2007.12.16"]
[Round "4.5"]
[White "Yacob, Francois"]
[Black "Senderovic, Salko"]
[Result "1-0"]
[WhiteElo "2160"]
[BlackElo "2104"]
[PlyCount "85"]
[EventDate "2007.12.16"]
[SourceDate "2007.10.25"]

1. e4 c5 2. Nf3 Nc6 3. d4 cxd4 4. Nxd4 d6 5. c4 Nf6 6. Nc3 g6 7. Be2 Bg7 8. Be3
O-O 9. O-O Bd7 10. Qd2 a6 11. Rfd1 Ng4 12. Bxg4 Bxg4 13. f3 Bd7 14. Nde2 Be6
15. Nd5 Bxd5 16. cxd5 Ne5 17. Rac1 Qd7 18. b3 Rac8 19. h3 Qd8 20. Rxc8 Qxc8 21.
Rc1 Qd8 22. Rc2 Qd7 23. f4 Nf3+ 24. gxf3 Qxh3 25. Bd4 Qxf3 26. Bxg7 Kxg7 27.
Qc3+ Qxc3 28. Rxc3 Rb8 29. Kf2 a5 30. Rc7 Kf6 31. Ke3 h5 32. Kd4 h4 33. e5+
dxe5+ 34. fxe5+ Kf5 35. Rxe7 Rf8 36. d6 Kg4 37. Ng1 h3 38. Nxh3 Kxh3 39. d7 Rd8
40. Rxf7 g5 41. e6 g4 42. Ke3 Kg2 43. e7 1-0